| 000 | 00508nam a22001937a 4500 | ||
|---|---|---|---|
| 003 | MPLRDC | ||
| 005 | 20220104191736.0 | ||
| 008 | 210129b ||||| |||| 00| 0 eng d | ||
| 020 | _a978-986-6043-19-2 | ||
| 082 | _a861.57 YBXTL-2 | ||
| 100 | _a伊坂幸太郎 | ||
| 245 |
_a再见,黑鸟 _c阿夜 译 |
||
| 250 | _a初版 | ||
| 260 |
_a台湾 _b独步文化 _c2012 |
||
| 300 | _b平 | ||
| 490 | _a伊坂幸太郎作品集: 16 | ||
| 650 | _a日本文学--长篇小说 | ||
| 942 |
_cBK _o861.57 YBXTL-2 |
||
| 999 |
_c64386 _d64376 |
||